Countries with at least 20 National Parks - Statistics

General Stats
  • This quiz has been taken 52 times
  • The average score is 25 of 35
Answer Stats
# of parks Country Continent % Correct
72 Brazil South America
100%
47 Canada North America
100%
61 United States North America
98%
37 Argentina South America
93%
67 Mexico North America
93%
685 Australia Oceania
91%
36 Chile South America
91%
60 Colombia South America
91%
48 Russia Europe
91%
110 India Asia
89%
54 Indonesia Asia
89%
24 Kenya Africa
89%
33 Japan Asia
87%
43 Venezuela South America
84%
25 Italy Europe
82%
47 Norway Europe
82%
29 Sweden Europe
82%
40 Finland Europe
78%
22 South Korea Asia
76%
147 Thailand Asia
76%
29 Costa Rica North America
73%
30 Vietnam Asia
71%
94 Philippines Asia
67%
43 Turkey Asia
64%
22 Guatemala North America
62%
29 Pakistan Asia
56%
69 Israel Asia
49%
24 Mongolia Asia
49%
20 Ethiopia Africa
42%
21 Laos Asia
42%
25 Madagascar Africa
40%
20 Zambia Africa
40%
27 Bahamas North America
38%
26 Sri Lanka Asia
31%
20 Netherlands Europe
24%
No matching quizzes found
Score Distribution
Percent of People with Each Score
Percentile by Number Answered
Your Score History
You have not taken this quiz